All the Geography I know-Oceania Edition - Statistics

General Stats
  • This quiz has been taken 24 times
  • The average score is 26 of 36
Answer Stats
Hint Answer % Correct
Biggest city of New Zealand Auckland
100%
Biggest city in Australia Sydney
100%
City in Australia Brisbane
96%
%-Oceanic country Fiji
96%
Capital of Tasmania Hobart
96%
City in Australia Melbourne
96%
Oceanic country Papua New Guinea
96%
Westernmost city in Australia Perth
96%
Capital of New Zealand Wellington
96%
Capital of @ Canberra
92%
Oceanic country Marshall Islands
92%
Oceanic country Palau
92%
Oceanic country Samoa
92%
Oceanic country Nauru
88%
Oceanic country Tuvalu
88%
Capital of Samoa Apia
83%
@-Oceanic country Australia
83%
Oceanic country Solomon Islands
83%
Oceanic country Tonga
83%
Oceanic country Vanuatu
83%
Capital of the above Port Moresby
79%
City in Australia Darwin
71%
Capital of Tonga Nuku'alofa
71%
Capital of the Solomon Islands Honiara
67%
Island shared by 2 different countries New Guinea
67%
Capital of % Suva
67%
Oceanic country New Zealand
63%
Capital of Vanuatu Port Vila
63%
Capital of Palau Ngerulmud
58%
Capital of the above Majuro
54%
City in New Zealand Dunedin
42%
One of the Solomon islands Choiseul
17%
Island in the Cook Islands Rarotonga
17%
City in New Zealand Gisborne
8%
Australian city Rockhampton
8%
Samoan island Upolu
8%
No matching quizzes found
Score Distribution
Percent of People with Each Score
Percentile by Number Answered
Your Score History
You have not taken this quiz